书目信息 |
| 题名: |
中国防洪与管理
|
|
| 作者: | 程晓陶 , 尚全民 主编 | |
| 分册: | ||
| 出版信息: | 北京 中国水利水电出版社 2005.09 |
|
| 页数: | 109页 | |
| 开本: | 29cm | |
| 丛书名: | ||
| 单 册: | ||
| 中图分类: | P426.616 | |
| 科图分类: | ||
| 主题词: | 洪水--hong shui--水灾--灾害防治--研究--中国 | |
| 电子资源: | ||
| ISBN: | 7-5084-3087-5 | |
| 000 | 00920nam0 2200241 450 | |
| 001 | 012008039642 | |
| 005 | 20080320164112.26 | |
| 010 | @a7-5084-3087-5@dCNY49.00 | |
| 100 | @a20080320d2005 km y0chiy0120 ea | |
| 101 | 0 | @achi |
| 102 | @aCN@b110000 | |
| 105 | @aa z 000yy | |
| 106 | @ar | |
| 200 | 1 | @a中国防洪与管理@Azhong guo fang hong yu guan li@f程晓陶, 尚全民主编@Fcheng xiao tao,shang quan min zhu bian |
| 210 | @a北京@c中国水利水电出版社@d2005.09 | |
| 215 | @a109页@c图@d29cm | |
| 330 | @a本书概略介绍了中国的洪水、洪水灾害的特点与当代防洪体制的发展,介绍了新中国成立以来几次大洪水的抗洪实例。本书为第19届国际灌排大会会议作材料之一。可供广大水利工作者参阅 。 | |
| 606 | 0 | @a洪水@Ahong shui@x水灾@x灾害防治@x研究@y中国 |
| 690 | @aP426.616@v4 | |
| 701 | 0 | @a程晓陶@Acheng xiao tao@4主编 |
| 701 | 0 | @a尚全民@Ashang quan min@4主编 |
| 801 | 0 | @aCN@bQSSK@c20080320 |
| 905 | @b20289030-32@dP426.616@eC776@f3 | |
| 中国防洪与管理/程晓陶, 尚全民主编.-北京:中国水利水电出版社,2005.09 |
| 109页:图;29cm |
| ISBN 7-5084-3087-5:CNY49.00 |
| 本书概略介绍了中国的洪水、洪水灾害的特点与当代防洪体制的发展,介绍了新中国成立以来几次大洪水的抗洪实例。本书为第19届国际灌排大会会议作材料之一。可供广大水利工作者参阅 。 |
| ● |
| 相关链接 |
|
|
|
正题名:中国防洪与管理
索取号:P426.616/C776
 
预约/预借
| 序号 | 登录号 | 条形码 | 馆藏地/架位号 | 状态 | 备注 |
| 1 | 289030 | 202890309 | 自科库401/401自科库 128排1列2层/ [索取号:P426.616/C776] | 在馆 | |
| 2 | 289031 | 202890318 | 期刊室512/401自科库 122排1列3层/ [索取号:P426.616/C776] | 在馆 | |
| 3 | 289032 | 202890327 | 期刊室512/401自科库 122排1列3层/ [索取号:P426.616/C776] | 在馆 |